000 01009cab a2200313 4500
001 ABS51340
008 090401t1994 xxu||||| |||| 00| 0 eng d
035 _a(Sirsi) u22599
041 _aeng
100 _aBingham, T.
245 2 _aA question of perfect timing
260 _c1994
350 _a0
490 _aBuilding
_v259(7862) 30 September 1994, 30-31(2)
520 _aDiscusses "Pigott Foundations Ltd v Shepherd Construction Ltd" 1994 which found that a subcontractor under the terms of the standard form of subcontract DOM/1 is not liable for loss and expense if a delay in his schedule holds up the main contract.
650 _aDELAY
650 _aDISRUPTION
650 _aDOM/1 CL11.8
650 _aDOM/1
650 _aLIABILITY
650 _aLOSS AND EXPENSE
650 _aMASTER PROGRAMME
650 _aPHASED PROGRAMME
650 _aSUBCONTRACTORS
650 _aSUBCONTRACTS
690 _aBUILT ENVIRONMENT-BUILDING CONTRACT FORMS
942 _n0
948 _c04/03/1997
999 _c15145
_d15145